| 000 | 00528nam a2200169 a 4500 | ||
|---|---|---|---|
| 005 | 20240919063947.0 | ||
| 008 | 991125s1968 mx 000 0 spa u | ||
| 035 | _aUPN01000002829 | ||
| 049 | _aCG | ||
| 050 | 4 |
_aJL1298 R4 _bE9.2 |
|
| 100 | 1 |
_aEzcurdia, Mario, _d1925- _930294 |
|
| 245 | 1 | 0 |
_aAnálisis teórico del Partido Revolucionario Institucional / _cMario Ezcurdia. |
| 260 |
_aMéxico : _bB. Costa-Amic, _cc1968. |
||
| 300 | _avii, 181 p. | ||
| 610 | 2 | 4 |
_aPartido Revolucionario Institucional (México) _96042 |
| 905 | _aLibro | ||
| 999 |
_c2829 _d2829 |
||